MARC details
| 000 -LEADER |
| fixed length control field |
02336nam a2200301 i 4500 |
| 003 - CONTROL NUMBER IDENTIFIER |
| control field |
CSPC |
| 005 - DATE AND TIME OF LATEST TRANSACTION |
| control field |
20251125133341.0 |
| 008 - FIXED-LENGTH DATA ELEMENTS--GENERAL INFORMATION |
| fixed length control field |
251027s2024 ii a b 001 0 eng d |
| 020 ## - INTERNATIONAL STANDARD BOOK NUMBER |
| International Standard Book Number |
9789357511032 |
| 040 ## - CATALOGING SOURCE |
| Original cataloging agency |
CSPC |
| Language of cataloging |
eng |
| Transcribing agency |
CSPC |
| Description conventions |
rda |
| 050 04 - LIBRARY OF CONGRESS CALL NUMBER |
| Classification number |
Q335 |
| 082 04 - DEWEY DECIMAL CLASSIFICATION NUMBER |
| Classification number |
006.3 |
| Item number |
G791e |
| 100 1# - MAIN ENTRY--PERSONAL NAME |
| Personal name |
Gray, Luka, |
| Relator term |
author. |
| 245 14 - TITLE STATEMENT |
| Title |
The essence of artificial intelligence / |
| Statement of responsibility, etc. |
Luka Gray. |
| 250 ## - EDITION STATEMENT |
| Edition statement |
First edition. |
| 264 #1 - PRODUCTION, PUBLICATION, DISTRIBUTION, MANUFACTURE, AND COPYRIGHT NOTICE |
| Place of production, publication, distribution, manufacture |
New Delhi, India : |
| Name of producer, publisher, distributor, manufacturer |
Random Publications LLP, |
| Date of production, publication, distribution, manufacture, or copyright notice |
2024. |
| 300 ## - PHYSICAL DESCRIPTION |
| Extent |
x, 264 pages : |
| Other physical details |
illustrations ; |
| Dimensions |
24 cm. |
| 336 ## - CONTENT TYPE |
| Source |
rdacontent |
| Content type term |
text |
| 337 ## - MEDIA TYPE |
| Source |
rdamedia |
| Media type term |
unmediated |
| 338 ## - CARRIER TYPE |
| Source |
rdacarrier |
| Carrier type term |
volume |
| 504 ## - BIBLIOGRAPHY, ETC. NOTE |
| Bibliography, etc. note |
Includes bibliographical references and index. |
| 505 0# - FORMATTED CONTENTS NOTE |
| Formatted contents note |
Introduction -- Knowledge representation and inference -- Intelligent agents -- Knowledge, reasoning and planning -- Knowledge representation -- Intelligent learning. |
| 520 ## - SUMMARY, ETC. |
| Summary, etc. |
"As artificial intelligence (AI) systems increasingly become more widespread in society, many people regularly interact with them as a normal part of their everyday lives. The increasing prevalence of and seeming familiarity with everyday applications that employ AI may, however, easily betray its complexity.AI is a complex, multifaceted concept and is therefore hard to define because AI can refer to technological artifacts, certain methods or a scientific field that is split into many subfields and that is continuously changing and evolving AI systems can therefore be seen as digital artifacts that require hardware and software components and that contain at least one learning or learned component, i.e., a component that is able to change the system's behavior based on presented data and the processing of this data. Taking a pragmatic approach to the subject, this book de-mystifies and makes AI concrete and transparent. Examples and Algorithms are given throughout and can be sensibly implemented in a range of different languages. This comprehensive book provides a concise and accessible introduction to the topic for students with no prior knowledge of AI." -- Back cover |
| 650 #0 - SUBJECT ADDED ENTRY--TOPICAL TERM |
| Topical term or geographic name entry element |
Artificial intelligence. |
| 650 #0 - SUBJECT ADDED ENTRY--TOPICAL TERM |
| Topical term or geographic name entry element |
Expert systems (Computer science). |
| 942 ## - ADDED ENTRY ELEMENTS (KOHA) |
| Source of classification or shelving scheme |
Dewey Decimal Classification |
| Suppress in OPAC |
No |
| Koha item type |
Books |
| Classification part |
006.3 |
| Item part |
G791e |
| Call number prefix |
CIR |
| Call number suffix |
2024 |